[Event "Canadian op"]
[Site "Laval"]
[Date "2024.07.17"]
[Round "7"]
[White "Mok, Yuen Tak"]
[Black "Wang, Andy Zixin"]
[Result "1-0"]
[WhiteElo "1921"]
[BlackElo "1840"]
[PlyCount "121"]
[EventDate "2024.07.13"]
[EventType "swiss"]
[EventRounds "9"]
[EventCountry "CAN"]
[SourceTitle "EXT 2025"]
[Source "ChessBase"]
[SourceDate "2024.10.14"]
[SourceVersion "1"]
[SourceVersionDate "2024.10.14"]
[SourceQuality "1"]

1. e4 e5 2. Nf3 Nc6 3. Bb5 a6 4. Ba4 Nf6 5. Qe2 b5 6. Bb3 Bc5 7. c3 d6 8. 0-0 0-0 9. d3 h6 10. a4 Bb7 11. h3 Re8 12. Rd1 d5 13. Nbd2 d4 14. Nf1 dxc3 15. bxc3 b4 16. cxb4 Nxb4 17. Ne3 Nc6 18. Nf5 Bc8 19. Qa2 Be6 20. Bxe6 Rxe6 21. Qc4 Bd4 22. N3xd4 Nxd4 23. Nxd4 Qxd4 24. Qxd4 exd4 25. Bf4 c5 26. Rdc1 Nd7 27. Rab1 Kf8 28. Rb7 Ke8 29. a5 Rc6 30. Kf1 Ke7 31. Be5 g6 32. Bxd4 Rac8 33. Be3 h5 34. Rc4 Ke6 35. f4 f6 36. Ke2 f5 37. Rb2 Nf6 38. Rb7 Nd7 39. Kf3 Nf6 40. Bf2 Nd7 41. Bg1 Nf8 42. g4 hxg4+ 43. hxg4 Kf6 44. Bf2 Ke6 45. Rb6 Nd7 46. Rxc6+ Rxc6 47. gxf5+ gxf5 48. exf5+ Kxf5 49. d4 Ke6 50. dxc5 Kd5 51. Rc1 Nxc5 52. Rxc5+ Rxc5 53. Bxc5 Kxc5 54. Ke4 Kb5 55. f5 Kxa5 56. f6 Ka4 57. f7 a5 58. f8Q Kb3 59. Qb8+ Ka3 60. Qb1 a4 61. Qa1+ 1-0

[Event "Canadian op"]
[Site "Laval"]
[Date "2024.07.16"]
[Round "5"]
[White "Singh Dhaliwal, Jaipreet"]
[Black "Wang, Andy Zixin"]
[Result "1/2-1/2"]
[WhiteElo "2005"]
[BlackElo "1840"]
[PlyCount "139"]
[EventDate "2024.07.13"]
[EventType "swiss"]
[EventRounds "9"]
[EventCountry "CAN"]
[SourceTitle "EXT 2025"]
[Source "ChessBase"]
[SourceDate "2024.10.14"]
[SourceVersion "1"]
[SourceVersionDate "2024.10.14"]
[SourceQuality "1"]

1. e4 e5 2. Nf3 Nc6 3. Bc4 Bc5 4. c3 Nf6 5. d4 exd4 6. e5 d5 7. Bb5 Ne4 8. cxd4 Bb6 9. Nc3 0-0 10. Be3 Bg4 11. h3 Bh5 12. Qc2 Bg6 13. Qb3 Ne7 14. 0-0 c6 15. Bd3 Nd2 16. Nxd2 Bxd3 17. Rfe1 Bg6 18. Na4 Nf5 19. Nxb6 Qxb6 20. Qc3 f6 21. Nf3 Rae8 22. Rad1 Re6 23. Bf4 Qd8 24. exf6 Rxe1+ 25. Rxe1 gxf6 26. Qb4 Rf7 27. a4 Re7 28. Kh2 Rxe1 29. Qxe1 Qe7 30. Qa5 a6 31. Qb6 Nd6 32. Qa7 Kg7 33. Qc5 Nc8 34. Qc3 Nd6 35. Qb4 Nc8 36. Qb3 Nd6 37. Nd2 Nf5 38. Qc3 Qe2 39. Be3 Nxe3 40. Qxe3 Qxe3 41. fxe3 a5 42. Kg1 Kf7 43. Nb3 b6 44. Nc1 Bc2 45. b3 Ke6 46. Kf2 c5 47. Ke2 c4 48. bxc4 dxc4 49. Kd2 Bxa4 50. e4 f5 51. exf5+ Kxf5 52. Kc3 Bc6 53. Kxc4 Bxg2 54. Kb5 Ke4 55. Kxb6 Kxd4 56. h4 a4 57. Kb5 h5 58. Kxa4 Ke3 59. Kb4 Kf4 60. Kc3 Kg4 61. Kd2 Kxh4 62. Ke3 Bc6 63. Ne2 Kg4 64. Kf2 h4 65. Kg1 Bb5 66. Nd4 Bc4 67. Kh2 Bf1 68. Nc2 Kf3 69. Ne1+ Kf2 70. Ng2 1/2-1/2

[Event "Canadian op"]
[Site "Calgary"]
[Date "2023.07.27"]
[Round "7"]
[White "Wharton, Kayode"]
[Black "Wang, Andy Zixin"]
[Result "0-1"]
[WhiteElo "1760"]
[BlackElo "1653"]
[PlyCount "72"]
[EventDate "2023.07.22"]
[EventType "swiss"]
[EventRounds "10"]
[EventCountry "CAN"]
[SourceTitle "EXT 2024"]
[Source "ChessBase"]
[SourceDate "2023.10.10"]
[SourceVersion "1"]
[SourceVersionDate "2023.10.10"]
[SourceQuality "1"]

1. c4 c5 2. Nc3 Nc6 3. Nf3 g6 4. g3 Bg7 5. Bg2 e6 6. 0-0 Nge7 7. Ne4 d6 8. d3 0-0 9. Rb1 b6 10. h4 d5 11. cxd5 exd5 12. Neg5 Bb7 13. Bf4 h6 14. Nh3 d4 15. Qd2 Kh7 16. Nh2 Nd5 17. Ng4 Nxf4 18. Qxf4 f5 19. Nh2 Qd7 20. Nf3 Rae8 21. Rfe1 Nb4 22. Qd2 Nxa2 23. Nf4 Nb4 24. h5 g5 25. Ng6 Kg8 26. Nxg5 hxg5 27. Qxg5 Bh6 28. Qh4 Bxg2 29. Kxg2 Qd8 30. Qh3 Qd5+ 31. Kg1 Nc2 32. Rf1 Rxe2 33. Qh4 Ne3 34. f3 Nxf1 35. Rxf1 Qe6 36. g4 fxg4 0-1

[Event "Canadian op"]
[Site "Calgary"]
[Date "2023.07.23"]
[Round "2"]
[White "Wang, Andy Zixin"]
[Black "Doknjas, Neil"]
[Result "0-1"]
[WhiteElo "1653"]
[BlackElo "2126"]
[PlyCount "88"]
[EventDate "2023.07.22"]
[EventType "swiss"]
[EventRounds "10"]
[EventCountry "CAN"]
[SourceTitle "EXT 2024"]
[Source "ChessBase"]
[SourceDate "2023.10.10"]
[SourceVersion "1"]
[SourceVersionDate "2023.10.10"]
[SourceQuality "1"]

1. e4 c5 2. Nf3 e6 3. d4 cxd4 4. Nxd4 a6 5. Nc3 b5 6. a3 Bb7 7. Be2 Nc6 8. Be3 Qc7 9. 0-0 Nf6 10. f4 Bc5 11. Qd3 b4 12. e5 bxc3 13. exf6 cxb2 14. Rad1 gxf6 15. Nf5 Ne7 16. Kh1 Rg8 17. Ng3 Bxe3 18. Qxe3 Qxc2 19. Qd4 Bxg2+ 20. Kxg2 Qxe2+ 21. Rf2 Qb5 22. Rxb2 Qd5+ 23. Qxd5 Nxd5 24. Kf3 Rc8 25. Ne4 Ke7 26. Rd3 f5 27. Ng3 Rc5 28. Re2 Kd6 29. Rb2 Rgc8 30. Ne2 Rc2 31. Rb6+ R8c6 32. Rb8 Kc7 33. Rh8 Rxe2 34. Kxe2 Nxf4+ 35. Ke3 Nxd3 36. Kxd3 e5 37. Rxh7 e4+ 38. Ke3 Rc3+ 39. Ke2 Rxa3 40. Rxf7 Rf3 41. h4 Kd6 42. Rf6+ Ke5 43. Rxa6 Rh3 44. Ra5+ d5 0-1

[Event "Toronto Excelsior op"]
[Site "Toronto"]
[Date "2023.04.22"]
[Round "3"]
[White "Wang, Andy Zixin"]
[Black "Laughlin, Braden"]
[Result "0-1"]
[WhiteElo "1625"]
[BlackElo "1693"]
[PlyCount "164"]
[EventDate "2023.04.21"]
[EventType "swiss"]
[EventRounds "5"]
[EventCountry "CAN"]
[SourceTitle "CBM 213 Extra"]
[Source "ChessBase"]
[SourceDate "2023.05.31"]
[SourceVersion "1"]
[SourceVersionDate "2023.05.31"]
[SourceQuality "1"]

1. e4 c5 2. Nf3 d6 3. d4 cxd4 4. Nxd4 Nf6 5. Nc3 Nc6 6. Be2 g6 7. Be3 Bg7 8. Qd2 Ng4 9. Nxc6 bxc6 10. Bxg4 Bxg4 11. h3 Be6 12. Bd4 0-0 13. Bxg7 Kxg7 14. 0-0 Qa5 15. Qd4+ Kg8 16. f4 Qb6 17. Qxb6 axb6 18. a4 f6 19. b3 Kg7 20. Ne2 Bd7 21. c4 h5 22. f5 g5 23. Kf2 Ra7 24. Nc3 Rb8 25. g4 Rh8 26. Kg3 Raa8 27. Rh1 h4+ 28. Kg2 Ra7 29. b4 Rc8 30. Rhc1 Be8 31. a5 bxa5 32. Rxa5 Rb7 33. Rb1 Bf7 34. c5 Rd8 35. b5 cxb5 36. Raxb5 Rxb5 37. Rxb5 Rc8 38. Na4 Be8 39. Nb6 Rxc5 40. Rxc5 dxc5 41. Nd5 Kf7 42. Kf3 Bc6 43. Nc3 Ke8 44. Ke3 Bb7 45. Na4 Ba6 46. Kf2 c4 47. Nc3 Kd7 48. Ke3 e6 49. Na4 Kd6 50. fxe6 Bc8 51. Kd4 Bxe6 52. Nc3 Bd7 53. Kxc4 Ke5 54. Kd3 Bc8 55. Ke3 Ba6 56. Nd1 Bf1 57. Nf2 Bg2 58. Nd3+ Kd6 59. Nf2 Kc5 60. Nd3+ Kc4 61. Nf2 Kc3 62. Nd1+ Kc4 63. Nf2 Kc5 64. Nd3+ Kd6 65. Nf2 Bf1 66. Kf3 Ke6 67. Ke3 Ke5 68. Kf3 Kd4 69. e5 fxe5 70. Ne4 Bg2+ 71. Kxg2 Kxe4 72. Kf2 Kd3 73. Ke1 Ke3 74. Kf1 Kf3 75. Kg1 Kg3 76. Kh1 Kxh3 77. Kg1 Kg3 78. Kh1 e4 79. Kg1 h3 80. Kh1 e3 81. Kg1 e2 82. Kh1 e1Q# 0-1